Lí luận phê bình văn học Việt Nam đầu thế kỉ XX Chuyên Khảo

Trình bày về: thời đại mới và sự chuyển mình của nền văn học, tình hình nghiên cứu lí luận phê bình 30 năm đầu thế kỷ XX, những quan niệm chung về văn học và nhà văn, quan niệm về tác phẩm văn học và các thể loại chính. những khuynh hướng chính và một số tranh luận trong phê bình văn học đầu thế kỷ...

ver descrição completa

Na minha lista:
Detalhes bibliográficos
Autor principal: Trần Mạnh Tiến (Tác giả)
Formato: Livro
Idioma:Vietnamese
Publicado em: H. Đại học Sư phạm 2008
Assuntos:
Tags: Adicionar Tag
Sem tags, seja o primeiro a adicionar uma tag!
Thư viện lưu trữ: Mạng thư viện Đại học Đà Nẵng
LEADER 01603nam a2200361 4500
001 000004378
003 517
005 20121211001223.0
008 110720s2008 viesd
020 |c 59000đ 
041 0 |a vie 
082 |a 895.92209  |b TR-T 
100 0 |a Trần Mạnh Tiến  |e Tác giả 
245 0 |a Lí luận phê bình văn học Việt Nam đầu thế kỉ XX  |b Chuyên Khảo  |c Trần Mạnh Tiến 
260 |a H.  |b Đại học Sư phạm  |c 2008 
300 |a 357tr.  |c 24cm 
504 |a Thư mục: tr. 345-356 
520 |a Trình bày về: thời đại mới và sự chuyển mình của nền văn học, tình hình nghiên cứu lí luận phê bình 30 năm đầu thế kỷ XX, những quan niệm chung về văn học và nhà văn, quan niệm về tác phẩm văn học và các thể loại chính. những khuynh hướng chính và một số tranh luận trong phê bình văn học đầu thế kỷ XX 
653 |a Văn học Việt Nam 
653 |a Lịch sử và phê bình 
653 |a Thế kỉ 20 
653 |a Chuyên khảo 
910 |a Huỳnh Thị Cẩm Lai  |d 20/07/2011 
OWN |a LSP 
AVA |a UDN50  |b LSP  |d 895.92209 TR-T  |e check_holdings  |t Error 5003 Not defined in file expand_doc_bib_avail.  |h N  |k 1 
999 |a From the UDN01 
AVA |a UDN50  |b LSP  |d 895.92209 TR-T  |e available  |t Error 5001 Not defined in file expand_doc_bib_avail.  |f 25  |g 13  |h N  |i 27  |k 1 
TYP |a Monograph 
TYP |a Printed language 
980 |a Mạng thư viện Đại học Đà Nẵng